Получение и исследование наноструктур: лабораторный практикум по нанотехнологиям

Bibliografiske detaljer
Andre forfattere: Сигов А. С. Александр Сергеевич (редактор)
Summary:Представлены описания лабораторных работ для студентов 2—3 курсов, обучающихся по специальности «Нанотехнологии в электронике». В ходе выполнения работ студенты ознакомятся с некоторыми методами получения наночастиц и нанокомпозитов, приобретут навыки работы с объектами нанометрового размера и овладеют современными физико-химическими методами исследования. Каждый цикл работ предваряется теоретическим введением, которое может играть роль краткого конспекта лекций.
Sprog:russisk
Udgivet: Москва, Бином ЛЗ, 2010
Serier:Нанотехнологии
Fag:
Format: MixedMaterials Bog
KOHA link:https://koha.lib.tpu.ru/cgi-bin/koha/opac-detail.pl?biblionumber=181991

MARC

LEADER 00000nam0a2200000 4500
001 181991
005 20231101223647.0
010 |a 9785996302284 
035 |a (RuTPU)RU\TPU\book\197273 
090 |a 181991 
100 |a 20100615d2010 m y0rusy50 ca 
101 0 |a rus 
102 |a RU 
105 |a a j 001zy 
200 1 |a Получение и исследование наноструктур  |e лабораторный практикум по нанотехнологиям  |f под ред. А. С. Сигова 
210 |a Москва  |c Бином ЛЗ  |d 2010 
215 |a 147 с.  |c ил. 
225 1 |a Нанотехнологии 
320 |a Библиогр.: с. 143-146. 
330 |a Представлены описания лабораторных работ для студентов 2—3 курсов, обучающихся по специальности «Нанотехнологии в электронике». В ходе выполнения работ студенты ознакомятся с некоторыми методами получения наночастиц и нанокомпозитов, приобретут навыки работы с объектами нанометрового размера и овладеют современными физико-химическими методами исследования. Каждый цикл работ предваряется теоретическим введением, которое может играть роль краткого конспекта лекций. 
606 1 |a Наноструктурные материалы  |2 stltpush  |3 (RuTPU)RU\TPU\subj\44811  |9 64091 
610 1 |a наноразмерные структуры 
610 1 |a наноструктуры 
610 1 |a сканирующая зондовая микроскопия 
610 1 |a оптические методы 
610 1 |a нанообъекты 
610 1 |a наноперемещения 
610 1 |a нанотехнологии 
610 1 |a солнечные элементы 
610 1 |a плазмохимическое травление 
610 1 |a лабораторные работы 
610 1 |a лабораторные практикумы 
610 1 |a учебные пособия 
675 |a 620.18(076.5)  |v 3 
702 1 |a Сигов  |b А. С.  |g Александр Сергеевич  |4 340 
801 1 |a RU  |b 63413507  |c 20100615 
801 2 |a RU  |b 63413507  |c 20220422  |g RCR 
900 |a Технологические процессы создания наноструктурных материалов для отраслей наноиндустрии 
942 |c BK 
959 |a 42/20100611  |d 2  |e 200,00  |f АНЛ:1  |f ЧЗТЛ:1